00558nam a2200145 a 4500008004100000050001500041100001700056245005100073260000900124350000900133650001500142995009500157999001700252952014300269120416s1976 xx |||||||||||||| || u aBF 121 Sen aSenter, R. J10aPsychology: the exploration of human behaviour c1976 a0.00 3aPSYCHOLOGY D0.00FCBU-MAIN LIBRARY (Kitwe)H1I8.00M1UAVAILABLEZMain Library Open Access Collection c55244d55244 00102lcc4070a001b001cMain Library Open Access Collectiond2022-11-30l1oBF 121 Senp028569r2024-04-19s2024-04-03w2022-11-30y002